<?xml version="1.0" encoding="UTF-8"?>
<record
    xmlns:xsi="http://www.w3.org/2001/XMLSchema-instance"
    xsi:schemaLocation="http://www.loc.gov/MARC21/slim http://www.loc.gov/standards/marcxml/schema/MARC21slim.xsd"
    xmlns="http://www.loc.gov/MARC21/slim">

  <leader>01260nam a2200217 a 4500</leader>
  <controlfield tag="005">20240930113511.0</controlfield>
  <controlfield tag="008">      t1998||||ag     g |||| 001 0 spa d</controlfield>
  <datafield tag="020" ind1=" " ind2=" ">
    <subfield code="a">9875070882</subfield>
  </datafield>
  <datafield tag="041" ind1=" " ind2=" ">
    <subfield code="a">spa</subfield>
  </datafield>
  <datafield tag="092" ind1=" " ind2=" ">
    <subfield code="c">920</subfield>
    <subfield code="l">16</subfield>
    <subfield code="s">DIA</subfield>
  </datafield>
  <datafield tag="100" ind1="1" ind2=" ">
    <subfield code="a">D&#xED;az Araujo, Enrique</subfield>
    <subfield code="9">3484</subfield>
  </datafield>
  <datafield tag="245" ind1=" " ind2=" ">
    <subfield code="a">Jos&#xE9; Ingenieros /</subfield>
    <subfield code="c">Enrique D&#xED;az Araujo</subfield>
  </datafield>
  <datafield tag="250" ind1=" " ind2=" ">
    <subfield code="a">1a ed. </subfield>
  </datafield>
  <datafield tag="260" ind1=" " ind2=" ">
    <subfield code="a">Buenos Aires: </subfield>
    <subfield code="b">Ciudad Argentina;</subfield>
    <subfield code="c">1998.</subfield>
  </datafield>
  <datafield tag="300" ind1=" " ind2=" ">
    <subfield code="a">548 p.</subfield>
  </datafield>
  <datafield tag="500" ind1=" " ind2=" ">
    <subfield code="a">D&#xED;az Araujo, E. (1998). Jos&#xE9; Ingenieros. (1a ed.). Buenos Aires : Ciudad Argentina.</subfield>
  </datafield>
  <datafield tag="505" ind1=" " ind2=" ">
    <subfield code="a">Este libro trata de la vida y la obra de un hombre con inquietud cognoscitiva, de talento perspicaz y amplios estudios. De un hombre bien dotado que sirvi&#xF3; a causas, en nuestro entender, esencialmente equivocadas. Nos referimos a Jos&#xE9; Ingenieros y su circunstancia finisecular. "Yo no quiero ser imparcial ante lectores que no lo son", subray&#xF3; Ingenieros en el pr&#xF3;logo a su La evoluci&#xF3;n de las ideas argentinas. Esa norma cardinal presidi&#xF3; la militancia inflexible de todos su escritos. Nunca busc&#xF3;, deliberadamente, la conciliaci&#xF3;n de las actitudes o el justo medio de las ideas. </subfield>
  </datafield>
  <datafield tag="590" ind1=" " ind2=" ">
    <subfield code="a">Proyecto 4to libro. Donaci&#xF3;n Maria Vitarelli, Diciembre 2017.</subfield>
  </datafield>
  <datafield tag="655" ind1=" " ind2=" ">
    <subfield code="a">Literatura</subfield>
    <subfield code="9">2917</subfield>
  </datafield>
  <datafield tag="942" ind1=" " ind2=" ">
    <subfield code="2">ddc</subfield>
    <subfield code="c">BK</subfield>
  </datafield>
  <datafield tag="999" ind1=" " ind2=" ">
    <subfield code="c">3187</subfield>
    <subfield code="d">3187</subfield>
  </datafield>
  <datafield tag="952" ind1=" " ind2=" ">
    <subfield code="0">0</subfield>
    <subfield code="1">0</subfield>
    <subfield code="2">ddc</subfield>
    <subfield code="4">0</subfield>
    <subfield code="7">0</subfield>
    <subfield code="a">BFM</subfield>
    <subfield code="b">BFM</subfield>
    <subfield code="c">CR</subfield>
    <subfield code="d">2024-04-19</subfield>
    <subfield code="e">Donaci&#xF3;n Vitarelli, Diciembre 2017</subfield>
    <subfield code="l">0</subfield>
    <subfield code="o">920 16 DIA</subfield>
    <subfield code="p">4143</subfield>
    <subfield code="r">2024-04-19</subfield>
    <subfield code="t">Ej. 1</subfield>
    <subfield code="w">2024-04-19</subfield>
    <subfield code="y">BK</subfield>
    <subfield code="z">Proyecto 4to libro. Donaci&#xF3;n Vitarelli, Diciembre 2017</subfield>
    <subfield code="f"></subfield>
  </datafield>
</record>
